• 首页
  • 本馆介绍
  • 公告通知
  • 最新文献
  • 馆藏检索
  • 电子资源
  • 读者荐购
  • 参考咨询
  • CALIS
  • 我的图书馆
  • 登录
  • 详细信息显示
  • 放入我的书架
  • 预约/预借图书
  • 作者相关作品
  • 分类相关作品
  • 丛书相关作品
  • 出版社相关作品

书目信息

  • 表格格式
  • 工作单格式
  • 卡片格式
题名:
可持续的生长
    
 
作者: 杨建荣 主编
分册:  
出版信息: 北京   中国建筑工业出版社  2015
页数: 159页
开本: 26cm
丛书名:
单 册:
中图分类: TU18
科图分类:
主题词: 生态建筑--介绍--上海
电子资源:
ISBN: 978-7-112-18623-5
 
 
 
 
 
000 00752nam0 2200217 450
001 0100004406
005 20190306105909.25
010    @a978-7-112-18623-5@dCNY68.00
100    @a20160316d2015 em y0chiy50 ea
101 0  @achi
102    @aCN@b110000
105    @aa z 000yy
200 1  @a可持续的生长@Ake chi xu de sheng zhang@e上海建科院莘庄综合楼@f杨建荣主编
210    @a北京@c中国建筑工业出版社@d2015
215    @a159页@c图@d26cm
330    @a本书以莘庄综合楼为案例,讲述一座绿色建筑的概念创作、设计实现、运行性能和持续改进的过程,以大量真实客观的数据对项目进行解读。
606 0  @a生态建筑@x介绍@y上海
690    @aTU18@v5
701  0 @a杨建荣@c(建筑)@Ayang jian rong@4主编
801  0 @aCN@c20160915
905    @a河南城建学院图书馆@dTU18@eY205
    
    可持续的生长:上海建科院莘庄综合楼/杨建荣主编.-北京:中国建筑工业出版社,2015
    159页:图;26cm
    
    
    ISBN 978-7-112-18623-5:CNY68.00
    本书以莘庄综合楼为案例,讲述一座绿色建筑的概念创作、设计实现、运行性能和持续改进的过程,以大量真实客观的数据对项目进行解读。
●
相关链接 在E读中查询图书 在当当中查询图书 在豆瓣中查询图书


正题名:可持续的生长     索取号:TU18/Y205         预约/预借

序号 登录号 条形码 馆藏地/架位号 状态 备注
1 1286919   212869190   建筑库101/101建筑库 27排2列2层/ [索取号:TU18/Y205] 在馆    
2 1286920   212869207   建筑库101/101建筑库 27排2列2层/ [索取号:TU18/Y205] 在馆    
3 1286921   212869216   建筑库101/101建筑库 27排2列2层/ [索取号:TU18/Y205] 在馆    
4 1305792   213057920   建筑库101/101建筑库 27排2列2层/ [索取号:TU18/Y205] 在馆    
河南城建学院图书馆 欢迎您!
大连网信软件有限公司© 版权所有